A photographic atlas of the human body : with selected cat, sheep,and cow dissections. /

This book is about: Orientation to the human body; Tissues; The skeletal system; Articulations; The muscular system; The cardiovascular system; ...

Đã lưu trong:
書目詳細資料
主要作者: Tortora, Gerard J.
格式: 圖書
語言:English
出版: New York ; Chichester : Menlo Park, 2000.
主題:
標簽: 添加標簽
沒有標簽, 成為第一個標記此記錄!
Thư viện lưu trữ: Mạng thư viện Đại học Đà Nẵng
LEADER 01279cam a2200421 i 4500
001 000048740
003 8464
005 20030306131551.0
008 010324|2000 vm 000 eng
020 |a 0471374873 
040 |a IRC  |c IRC  |d IRC 
041 0 |a eng 
082 1 4 |a 611.0222  |b TO-G 
100 1 |a Tortora, Gerard J. 
245 0 2 |a A photographic atlas of the human body :  |b with selected cat, sheep,and cow dissections. /  |c Gerard J. Tortora. 
260 |a New York ; Chichester :  |b Menlo Park,  |c 2000. 
300 |a 250 p. ;  |c 27.5cm. 
520 3 |a This book is about: Orientation to the human body; Tissues; The skeletal system; Articulations; The muscular system; The cardiovascular system; ... 
630 0 4 |a Physiology. 
630 0 4 |a Atlases. 
630 0 4 |a Human anatomy. 
650 0 4 |a Human anatomy  |v Atlases. 
650 0 4 |a Cats  |x Dissection. 
650 0 4 |a Sheep  |x Dissection. 
650 0 4 |a Cows  |x Dissection. 
650 0 4 |a Anatomy  |x Atlases. 
650 0 4 |a Dissection  |v Atlases. 
650 0 4 |a Physiology  |v Atlases. 
OWN |a DUT 
999 |a From the UDN01 
TYP |a Monograph 
TYP |a Printed language 
980 |a Mạng thư viện Đại học Đà Nẵng